| 000 | 00471nam a2200181Ia 4500 | ||
|---|---|---|---|
| 001 | 10599 | ||
| 005 | 20260306161844.0 | ||
| 008 | 260306t2013||||xx |||||||||||||| ||spa|| | ||
| 041 | _aESP | ||
| 082 |
_a944 _bD25 |
||
| 100 |
_aDarnton, Robert _eAUT |
||
| 245 | 0 | _aLa gran matanza de gatos y otros episodios en la historia de la cultura francesa | |
| 260 | _c2013 | ||
| 300 |
_a269 páginas : _c21 cm. |
||
| 650 | _aGEN | ||
| 654 | _aCHU | ||
| 942 |
_cLIB _dJUS _fJUS _2ddc _n |
||
| 999 |
_c10599 _d10599 |
||